Представление документа в формате RUSMARC

ПолеНазваниеЗначение
  Тип записи i
  Библиографический уровень m
001 Контрольный номер 2250150e0403454f9895a59ed45d0d06
005 Дата корректировки 20240410121222.4
010 Индекс ISBN __
d Цена 200-00
100 Данные общей обработки __
a Данные общей обработки 19200522d2012||||||| 0rusy0189 ca
101 Язык документа 0_
a Язык текста rus
102 Страна публикации __
a Страна публикации ru|
102 Страна публикации __
a Страна публикации RU
105 Кодированные данные (монография) __
a Кодированные данные (монография) nn|||||||f|zy
127 Кодированные данные (звукозаписи-физические характеристики) __
a Продолжительность проигрывания 50 мин
200 Заглавие и сведения об ответственности 1_
a Заглавие Аптека "Голубые шары"
e Сведения, относящиеся к заглавию [аудиоспектакль] по сказке "Много хороших людей и один завистник"
f Первые сведения об ответственности Вениамин Каверин ; действующие лица и исполнители: от автора - Евгений Весник [и др.] ; музыка - Борис Чайковский, Михаил Меерович
203 Вид содержания и тип средства __
a Вид содержания Устная речь
c Тип средства аудио
210 Выходные данные __
a Место издания Москва
c Издательство Агентство
c Издательство ИДДК
d Дата издания 2012
215 Физическое описание __
a Объем 1 электрон. опт. диск (CD-ROM)
d Формат 12 см
225 Серия __
a Серия Audiobook
300 Общие примечания __
a Общие примечания Заглавие с этикетки диска
300 Общие примечания __
a Общие примечания Формат записи: MP3
300 Общие примечания __
a Общие примечания На этикетке диска автор не указан
330 Аннотация __
a Аннотация Если вам потребуются таблетки от трусости или пара пузырьков с солнечными зайчиками, придающими хорошее настроение, то приходите в аптеку «Голубые шары». Таня отправилась туда за настоящим Чудом. Девочке надо спешить: только оно поможет ее отцу поправиться. Но вот беда! До 1 июня чудесами распоряжается Старший Советник по лекарственным травам. А вы знаете его тайну? Старший Советник, он же Великий Завистник, носит специальный пояс, чтобы не лопнуть от зависти... к Таниному папе.
333 Примечание о целевом назначении __
a Примечание о целевом назначении 6+. Для детей старше шести лет
337 Примечание о системных требованиях (электронные ресурсы) __
a Примечание о системных требованиях (электронные ресурсы) Системные требования: Pentium 100 Mhz ; 16 Mb RAM ; 4-x CD-ROM ; звуковая карта SVGA ; Windows 98/ME/XP/2000
517 Другие варианты заглавия __
a Другие варианты заглавия Много хороших людей и один завистник
606 Тематические рубрики __
a Основная рубрика Художественная литература
606 Тематические рубрики __
a Основная рубрика Русская литература XX в. (произведения)
606 Тематические рубрики __
a Основная рубрика Музыка и зрелищные искусства
606 Тематические рубрики __
a Основная рубрика Художественное радиовещание
610 Ключевые слова __
a Ключевые слова литературные сказки
610 Ключевые слова __
a Ключевые слова сказки
610 Ключевые слова __
a Ключевые слова советская литература
610 Ключевые слова __
a Ключевые слова детская литература
610 Ключевые слова __
a Ключевые слова тема дружбы
610 Ключевые слова __
a Ключевые слова аудиоспектакли
610 Ключевые слова __
a Ключевые слова тема зависти
610 Ключевые слова __
a Ключевые слова тема смелости
686 Индексы других классификаций __
2 Код системы rubbks
a Классификационный индекс ст85.38я0
686 Индексы других классификаций __
2 Код системы rubbks
a Классификационный индекс ст84(2=411.2)6-4я0
700 Автор _1
a Фамилия Каверин
b Имя В. А.
f Даты 1902-1989
g Полное личное имя Вениамин Александрович
4 Код отношения 070
702 Вторичная интеллектуальная ответственность _1
a Фамилия Весник
b Имя Е. Я.
4 Код отношения Прочие
f Даты 1923-2009
g Полное личное имя Евгений Яковлевич
4 Код отношения 570
702 Вторичная интеллектуальная ответственность _1
a Фамилия Рунге
b Имя Б. В.
4 Код отношения Прочие
f Даты 1925-1990
g Полное личное имя Борис Васильевич
4 Код отношения 570
702 Вторичная интеллектуальная ответственность _1
a Фамилия Папанов
b Имя А. Д.
4 Код отношения Прочие
f Даты 1922-1987
g Полное личное имя Анатолий Дмитриевич
4 Код отношения 570
702 Вторичная интеллектуальная ответственность _1
a Фамилия Меерович
b Имя М. А.
4 Код отношения Композитор
f Даты 1920-1993
g Полное личное имя Михаил Александрович
4 Код отношения 230
702 Вторичная интеллектуальная ответственность _1
a Фамилия Потоцкая
b Имя И. А.
4 Код отношения Прочие
f Даты 1916-2009
g Полное личное имя Ирина Александровна
4 Код отношения 570
801 Источник записи _0
a Страна ru
b Организация Муниципальное бюджетное учреждение культуры "Централизованная библиотечная система" г. Сургут (Центральная городская библиотека им. А. С. Пушкина)
c Дата составления 20200522
g Правила каталогизации PSBO
801 Источник записи _1
a Страна ru
b Организация Муниципальное бюджетное учреждение культуры "Централизованная библиотечная система" г. Сургут (Центральная городская библиотека им. А. С. Пушкина)
c Дата составления 20200522
g Правила каталогизации PSBO
852 Данные о местонахождении __
j Шифр хранения ст85.38я0
i Авторский знак К 12
901 Тип документа __
t Тип документа 0
a Ответственный КиК/Котельникова
903 Характеристики (МАРС) __
a Дата передачи 20200522
911 __
u 336a=Устная речь
911 __
u 337a=аудио
969 Тип издания __
a Тип издания издание для детей
a Тип издания издание для слепых
a Тип издания аудиоспектакль
990 Данные о заказе (DOS) __
j Количество экземпляров (DOS) 1
t N записи в КСУ для И/У (DOS) 202004